MARC details
| 000 -CABECERA |
| campo de control de longitud fija |
00938cam a2200217 a 4500 |
| 001 - NÚMERO DE CONTROL |
| campo de control |
000003651 |
| 005 - FECHA Y HORA DE LA ÚLTIMA TRANSACCIÓN |
| campo de control |
20240508073814.0 |
| 008 - DATOS DE LONGITUD FIJA--INFORMACIÓN GENERAL |
| campo de control de longitud fija |
061205s2005 uy b f001 p spa d |
| 020 ## - NÚMERO INTERNACIONAL ESTÁNDAR DEL LIBRO |
| Número Internacional Estándar del Libro |
9974360927 |
| 040 ## - FUENTE DE LA CATALOGACIÓN |
| Centro catalogador/agencia de origen |
DO-SdBNP |
| Centro/agencia transcriptor |
ZCU |
| Centro/agencia modificador |
ZCU |
| -- |
IQU |
| -- |
DLC |
| 082 ## - NÚMERO DE LA CLASIFICACIÓN DECIMAL DEWEY |
| Número de clasificación |
U861.5 |
| Número de documento/Ítem |
N126i |
| 245 00 - MENCIÓN DE TÍTULO |
| Título |
Nada es igual después de la poesía : |
| Resto del título |
cincuenta poetas uruguayos del medio siglo (1955-2005) / |
| Mención de responsabilidad, etc. |
Gerardo Ciancio, selección, prólogo y notas. |
| 246 30 - FORMA VARIANTE DE TÍTULO |
| Título propio/Titulo breve |
Cincuenta poetas uruguayos del medio siglo (1955-2005) |
| 260 ## - PUBLICACIÓN, DISTRIBUCIÓN, ETC. |
| Lugar de publicación, distribución, etc. |
[Montevideo, Uruguay] : |
| Nombre del editor, distribuidor, etc. |
Ministerio de Educación y Cultura, Archivo General de la Nación, Centro de Difusión del Libro, |
| Fecha de publicación, distribución, etc. |
2005. |
| 300 ## - DESCRIPCIÓN FÍSICA |
| Extensión |
203 p. ; |
| Dimensiones |
23 cm. |
| 504 ## - NOTA DE BIBLIOGRAFÍA, ETC. |
| Nota de bibliografía, etc. |
Obras poéticas de los autores de la muestra: p. 193-197. |
| 650 #4 - PUNTO DE ACCESO ADICIONAL DE MATERIA--TÉRMINO DE MATERIA |
| Término de materia o nombre geográfico como elemento de entrada |
Poesía uruguaya |
| Subdivisión cronológica |
20th SIGLO |
| 9 (RLIN) |
11193 |
| 650 #4 - PUNTO DE ACCESO ADICIONAL DE MATERIA--TÉRMINO DE MATERIA |
| Término de materia o nombre geográfico como elemento de entrada |
Literatura uruguaya |
| 9 (RLIN) |
3054 |
| 700 1# - PUNTO DE ACCESO ADICIONAL--NOMBRE DE PERSONA |
| Nombre de persona |
Ciancio, Gerardo. |
| Fechas asociadas al nombre |
1962- |
| Término indicativo de función/relación |
comp. |
| 9 (RLIN) |
11194 |
| 910 ## - DATOS DE OPCIÓN DEL USUARIO (OCLC) |
| Datos de opción del usuario |
Catalogación por copia / LC |